000 005330000a22001930004500
020 _a0-85111-300-1
041 0 _aENG
082 0 4 _aG 261.85 C3632c
100 1 _aCatherwood, H. F. R. (Henry Frederick Ross) (1925-)
245 1 0 _aThe christian in industrial society / H. F. R. Catherwood
250 _a2
260 _aLondon, Great Britain : Tyndale
300 _aXIV, 130 Pag
001 6975
942 _cBK
999 _c37216
_d37216
336 _atexto
_btxt
_2rdacontent
337 _2rdamedia
_asin mediación
_bn
338 _2rdacarrier
_avolumen
_bnc